| 000 | 00512nam a2200193Ia 4500 | ||
|---|---|---|---|
| 003 | GCL | ||
| 008 | 140319s9999 xx 000 0 eng d | ||
| 040 |
_aGCL / _cGCL |
||
| 082 | 0 | 4 |
_a341.481 _bF D |
| 100 | 1 | _aFOLON | |
| 245 | 1 | 0 |
_aDECLARATIO UNIVERSELLE DES DROITS DE L'HOMME / _cFOLON |
| 260 |
_a[S.N] : _bFOLIO ، _c1990 |
||
| 300 | _a123 P | ||
| 490 |
_aAMNESTY INTERNATIONAL _v0 |
||
| 650 | 0 | 4 | _aHUMAN RIGHTS |
| 650 | 0 | 4 | _aINTERNATIONAL LAW |
| 650 | 0 | 4 | _aUNIVERSAL DECLARATION - HUMAN |
| 942 |
_2ddc _cBK |
||
| 999 |
_c22080 _d22080 |
||